[Event "AUT98_M-ch"]
[Site "Werfen"]
[Date "1998.08.08"]
[Round "1.1"]
[White "Stanec, Nikolaus"]
[Black "Gerhold, Michael"]
[Result "1-0"]
[WhiteElo "2495"]
[BlackElo "2265"]
[PlyCount "75"]
[EventDate "1998.08.15"]

1. d4 Nf6 2. c4 e6 3. Nf3 b6 4. a3 Ba6 5. Qc2 Bb7 6. Nc3 c5 7. e4 cxd4 8. Nxd4
Nc6 9. Nxc6 Bxc6 10. Bf4 d6 11. Be2 Be7 12. O-O Qc7 13. Rfe1 O-O 14. Bf1 Rac8
15. Rad1 Rfd8 16. Qe2 h6 17. Rd3 e5 18. Bd2 Nh7 19. Nd5 Qb7 20. Bc3 b5 21. Rdd1
a6 22. cxb5 Bxb5 23. Qe3 Ba4 24. Ra1 Rc6 25. Nb4 Rb6 26. Bc4 Bg5 27. Qf3 Nf6
28. Nd5 Nxd5 29. Bxd5 Bc6 30. Ba5 Bxd5 31. Bxb6 Qxb6 32. exd5 Qxb2 33. Rab1 Qd4
34. Rb7 Bf6 35. g3 Rc8 36. Reb1 Rc3 37. Rb8+ Kh7 38. Qf5+ 1-0

[Event "AUT98_M-ch"]
[Site "Werfen"]
[Date "1998.08.08"]
[Round "1.2"]
[White "Petschar, Kurt"]
[Black "Hoelzl, Franz"]
[Result "1/2-1/2"]
[WhiteElo "2260"]
[BlackElo "2410"]
[PlyCount "23"]
[EventDate "1998.08.15"]

1. e4 g6 2. d4 Bg7 3. Nf3 d6 4. Bc4 Nf6 5. Qe2 O-O 6. O-O Nc6 7. c3 e5 8. dxe5
dxe5 9. Bg5 Qe7 10. Qc2 Nd8 11. Bh4 Qc5 12. Nbd2 { 
} 1/2-1/2

[Event "AUT98_M-ch"]
[Site "Werfen"]
[Date "1998.08.08"]
[Round "1.3"]
[White "Schroll, Gerhard"]
[Black "Schumi, Manfred "]
[Result "1-0"]
[WhiteElo "2400"]
[BlackElo "2260"]
[PlyCount "59"]
[EventDate "1998.08.15"]

1. d4 Nf6 2. c4 g6 3. Nc3 Bg7 4. e4 d6 5. Be2 O-O 6. Bg5 c5 7. dxc5 Qa5 8. Bd2
Qxc5 9. Nf3 Bg4 10. Be3 Qa5 11. O-O Nc6 12. a3 Bxf3 13. Bxf3 Nd7 14. b4 Qe5 15.
Rc1 a5 16. Nd5 axb4 17. axb4 Nf6 18. Bf4 Qb2 19. Rb1 Qa2 20. Bg5 Ra3 21. Bxf6
exf6 22. b5 Ne5 23. Be2 Raa8 24. Nb6 Rad8 25. Ra1 Qb2 26. Ra7 Qb4 27. Rxb7 Rb8
28. Nd5 Qb2 29. Rc7 Rfe8 30. f4 1-0

[Event "AUT98_M-ch"]
[Site "Werfen"]
[Date "1998.08.08"]
[Round "1.4"]
[White "Hellmayr, Alois "]
[Black "Freitag, Manfred"]
[Result "0-1"]
[WhiteElo "2240"]
[BlackElo "2400"]
[PlyCount "74"]
[EventDate "1998.08.15"]

1. Nf3 Nf6 2. g3 g6 3. b4 Bg7 4. Bb2 O-O 5. Bg2 a5 6. b5 d5 7. Na3 c5 8. bxc6
bxc6 9. c4 Qb6 10. Bd4 Qa6 11. Rb1 Bf5 12. d3 Rd8 13. O-O Qc8 14. cxd5 cxd5 15.
Qd2 Nc6 16. Bb6 Rf8 17. Rfc1 Qd7 18. Nb5 Rfc8 19. Nbd4 Nxd4 20. Nxd4 Bh3 21.
Rxc8+ Qxc8 22. Bxa5 Bxg2 23. Kxg2 e5 24. Nb3 Qf5 25. h3 h5 26. Nc5 g5 27. Bb6
e4 28. a4 h4 29. Rb5 Re8 30. Nb3 g4 31. Qf4 Qg6 32. Bd4 gxh3+ 33. Kxh3 hxg3 34.
fxg3 Qh5+ 35. Qh4 Qf5+ 36. Kg2 exd3 37. e4 Rxe4 0-1

[Event "AUT98_M-ch"]
[Site "Werfen"]
[Date "1998.08.08"]
[Round "1.5"]
[White "Wach, Markus"]
[Black "Steinermayr, Thomas"]
[Result "1-0"]
[WhiteElo "2395"]
[BlackElo "2220"]
[PlyCount "85"]
[EventDate "1998.08.15"]

1. e4 e5 2. Nf3 Nc6 3. Bb5 a6 4. Bxc6 dxc6 5. O-O f6 6. d4 exd4 7. Nxd4 c5 8.
Nb3 Qxd1 9. Rxd1 Bd6 10. Nc3 Be6 11. Be3 b6 12. a4 O-O-O 13. a5 Kb7 14. e5 fxe5
15. axb6 Bxb3 16. bxc7 Bxc7 17. Rxd8 Bxd8 18. cxb3 Nf6 19. Bxc5 Bc7 20. Kf1 Rd8
21. Ke2 Nd5 22. Nxd5 Rxd5 23. Rc1 Bd8 24. Rc3 Bf6 25. b4 Bg5 26. Kf3 Rd2 27. b3
Bf6 28. Ke4 Rd1 29. g3 Rd7 30. h4 Rd1 31. Kf5 Rd2 32. Be3 Rd1 33. h5 Rd6 34.
Rc5 h6 35. b5 Rd3 36. bxa6+ Kxa6 37. b4 Rb3 38. Ra5+ Kb7 39. b5 Rb2 40. Ra7+
Kb8 41. b6 Rb5 42. Rf7 Kc8 43. Ke6 1-0

[Event "AUT98_M-ch"]
[Site "Werfen"]
[Date "1998.08.08"]
[Round "1.6"]
[White "Pilaj, Herwig"]
[Black "Wittmann, Walter "]
[Result "1/2-1/2"]
[WhiteElo "2215"]
[BlackElo "2380"]
[PlyCount "20"]
[EventDate "1998.08.15"]

1. e4 c5 2. Nf3 d6 3. d4 cxd4 4. Nxd4 Nf6 5. Nc3 Nc6 6. Bc4 Qb6 7. Nxc6 bxc6 8.
O-O e6 9. Qe2 Be7 10. b3 O-O 1/2-1/2

[Event "AUT98_M-ch"]
[Site "Werfen"]
[Date "1998.08.08"]
[Round "1.7"]
[White "Herndl, Harald "]
[Black "Rogetzer, Klaus"]
[Result "0-1"]
[WhiteElo "2375"]
[BlackElo "2210"]
[PlyCount "88"]
[EventDate "1998.08.15"]

1. d4 Nf6 2. c4 g6 3. Nc3 Bg7 4. e4 d6 5. Nf3 O-O 6. Be2 e5 7. O-O exd4 8. Nxd4
Re8 9. f3 Nc6 10. Be3 Nh5 11. Qd2 Nxd4 12. Bxd4 Nf4 13. Rfd1 Qg5 14. Bf1 Bxd4+
15. Qxd4 Be6 16. g3 Nh5 17. Nd5 Bxd5 18. cxd5 f5 19. exf5 gxf5 20. f4 Qg4 21.
Kh1 Re4 22. Qc3 Rae8 23. Re1 Nf6 24. Bg2 Nxd5 25. Rxe4 fxe4 26. Qb3 Qe6 27.
Qxb7 Ne3 28. Qxa7 Nxg2 29. Kxg2 e3 30. Qd4 c5 31. Qd3 d5 32. b3 Qc6 33. Kg1 d4
34. a4 Kg7 35. b4 Qf3 36. Rf1 Qe4 37. Qc4 cxb4 38. f5 e2 39. f6+ Kg6 40. Re1
Qe3+ 41. Kg2 Qe4+ 42. Kg1 Kxf6 43. Qxb4 d3 44. Qd6+ Kg7 0-1

[Event "AUT98_M-ch"]
[Site "Werfen"]
[Date "1998.08.08"]
[Round "1.8"]
[White "Hiermann, Dietmar"]
[Black "Mahdy, Khaled"]
[Result "1/2-1/2"]
[WhiteElo "2205"]
[BlackElo "2365"]
[PlyCount "47"]
[EventDate "1998.08.15"]

1. e4 e5 2. Nf3 Nc6 3. Bc4 Nf6 4. d4 exd4 5. O-O Be7 6. Re1 d6 7. Nxd4 Nxd4 8.
Qxd4 O-O 9. Nc3 Ng4 10. Nd5 Bh4 11. g3 c6 12. Ne3 Bf6 13. Qd1 Nxe3 14. Rxe3 Re8
15. Bf1 Be6 16. Rd3 Qe7 17. Bg2 Rad8 18. c3 Bc4 19. Re3 Qc7 20. Re1 Qa5 21. Bf4
Be6 22. Qc2 Qh5 23. Rad1 Be7 24. c4 1/2-1/2

[Event "AUT98_M-ch"]
[Site "Werfen"]
[Date "1998.08.08"]
[Round "1.9"]
[White "Baumegger, Siegfried"]
[Black "Neuschmied, Siegfried"]
[Result "1-0"]
[WhiteElo "2360"]
[BlackElo "2200"]
[PlyCount "75"]
[EventDate "1998.08.15"]

1. d4 Nf6 2. c4 e6 3. Nc3 Bb4 4. e3 b6 5. Bd3 Bb7 6. Nf3 O-O 7. O-O Bxc3 8.
bxc3 d6 9. Qc2 Nbd7 10. e4 e5 11. Ne1 Qe7 12. f3 Rfe8 13. Qf2 Nf8 14. Nc2 c6
15. a4 d5 16. Ne3 Qc7 17. Nf5 Ng6 18. Bg5 Re6 19. Rac1 h6 20. Bxf6 Rxf6 21.
exd5 cxd5 22. cxd5 Bxd5 23. Ne3 Bc6 24. Ng4 Re6 25. Bf5 Re7 26. Bxg6 fxg6 27.
Nxe5 Be8 28. Qa2+ Kh7 29. f4 Rd8 30. Rfd1 Qc8 31. d5 Rd6 32. Qa3 Qd8 33. c4 g5
34. Qd3+ g6 35. Qd4 Bxa4 36. Rf1 Be8 37. fxg5 h5 38. Rf6 1-0

[Event "AUT98_M-ch"]
[Site "Werfen"]
[Date "1998.08.08"]
[Round "1.10"]
[White "Hebesberger, Thomas"]
[Black "Casagrande, Harald"]
[Result "1/2-1/2"]
[WhiteElo "2195"]
[BlackElo "2360"]
[PlyCount "103"]
[EventDate "1998.08.15"]

1. d4 Nf6 2. Nf3 e6 3. e3 b6 4. Bd3 Bb7 5. Nbd2 c5 6. O-O Be7 7. c3 d6 8. Qe2
Nbd7 9. e4 cxd4 10. cxd4 Qc7 11. Re1 O-O 12. Nf1 e5 13. Bg5 Rac8 14. Rac1 Qb8
15. Ng3 Rxc1 16. Rxc1 Rc8 17. Rd1 Bf8 18. d5 h6 19. Bd2 Nc5 20. Nf5 a5 21. h3
Qa8 22. Rc1 Nxd3 23. Qxd3 Ba6 24. Qe3 Rxc1+ 25. Bxc1 Qc8 26. Bd2 Nd7 27. N3h4
Qc2 28. b4 axb4 29. Bxb4 Nc5 30. Bxc5 bxc5 31. Qa3 Qb1+ 32. Kh2 Qd3 33. Qa5 g6
34. Ng3 Qb5 35. Qd8 Qa4 36. Qf6 Qe8 37. Qf3 Be7 38. Qa3 Qb5 39. Nf3 Bd8 40. h4
h5 41. Qe3 Kg7 42. Qa3 Ba5 43. Ng5 Bd2 44. Nxh5+ gxh5 45. Qf3 Qe8 46. Qxh5 c4
47. Ne6+ Kf6 48. f4 Qg8 49. fxe5+ dxe5 50. Qf3+ Ke7 51. Qa3+ Kf6 52. Qf3+
1/2-1/2

[Event "AUT98_M-ch"]
[Site "Werfen"]
[Date "1998.08.08"]
[Round "1.11"]
[White "Moser, Guenter "]
[Black "Wiedner, Robert"]
[Result "1/2-1/2"]
[WhiteElo "2355"]
[BlackElo "2190"]
[PlyCount "94"]
[EventDate "1998.08.15"]

1. Nf3 d5 2. d4 e6 3. g3 Be7 4. Bg2 Nd7 5. O-O c6 6. b3 h5 7. h4 Nh6 8. c4 Nf5
9. Nc3 Nf6 10. Qd3 Ng4 11. e4 dxe4 12. Nxe4 Nd6 13. Bf4 Nxe4 14. Qxe4 Qa5 15.
a3 Qc3 16. Qb1 Qa5 17. Qc2 Bd7 18. Rfe1 O-O 19. Ne5 Nxe5 20. Rxe5 Qb6 21. Rd1
g6 22. Bg5 Rfe8 23. Bxe7 Rxe7 24. Bf3 Be8 25. Qc3 Rd8 26. Qe3 Red7 27. c5 Qc7
28. b4 Kg7 29. Be2 Rd5 30. Re4 a5 31. Bc4 axb4 32. axb4 R5d7 33. Qc3 Kh7 34.
Ra1 b6 35. Bb3 bxc5 36. bxc5 Rb8 37. Ra6 Qb7 38. Rb6 Qa7 39. Rxb8 Qxb8 40. Bc2
Qd8 41. Qe3 Ra7 42. Qc3 Kg8 43. Bb3 Bd7 44. Re1 Qa8 45. Bc4 Ra3 46. Qb2 Ra4 47.
Rc1 Bc8 1/2-1/2

[Event "AUT98_M-ch"]
[Site "Werfen"]
[Date "1998.08.08"]
[Round "1.12"]
[White "Steiner, Bruno"]
[Black "Danner, Georg"]
[Result "0-1"]
[WhiteElo "2185"]
[BlackElo "2340"]
[PlyCount "72"]
[EventDate "1998.08.15"]

1. e4 c5 2. Nf3 d6 3. d4 cxd4 4. Nxd4 Nf6 5. Nc3 a6 6. Be3 e5 7. Nb3 Be6 8. Qd2
Be7 9. f3 h5 10. Qf2 Nbd7 11. Na4 b5 12. Nb6 Rb8 13. Nxd7 Nxd7 14. Bd3 Bg5 15.
Bxg5 Qxg5 16. Na5 O-O 17. O-O Rfc8 18. Kh1 Nb6 19. b3 Rc7 20. a4 bxa4 21. bxa4
Nd7 22. Rfb1 Rxb1+ 23. Rxb1 Nc5 24. Bf1 Nxa4 25. Bxa6 Nc3 26. Ra1 d5 27. exd5
Bxd5 28. Bd3 e4 29. fxe4 Nxe4 30. Qb6 f5 31. Rf1 Rc8 32. c4 Bf7 33. Qb7 Re8 34.
Nc6 Qe3 35. Ne5 Rxe5 36. Qb8+ Re8 0-1

[Event "AUT98_M-ch"]
[Site "Werfen"]
[Date "1998.08.08"]
[Round "1.13"]
[White "Brandner, Stefan"]
[Black "Kranewitter, Norbert"]
[Result "1-0"]
[WhiteElo "2340"]
[BlackElo "2180"]
[PlyCount "51"]
[EventDate "1998.08.15"]

1. e4 c6 2. d4 d5 3. e5 Bf5 4. c4 e6 5. Nc3 Nd7 6. Nge2 dxc4 7. Ng3 Bg6 8. Bxc4
Qh4 9. f4 Nh6 10. O-O Ng4 11. h3 Ngxe5 12. fxe5 Qxg3 13. Rf4 Bf5 14. Ne4 Qg6
15. Qf3 Nb6 16. Bb3 Be7 17. Ng3 O-O 18. h4 Bc2 19. Rg4 Qd3 20. Bxc2 Qxc2 21.
Bh6 g6 22. Rf1 Qxb2 23. Bxf8 Rxf8 24. Qf4 Kh8 25. Qh6 Nd7 26. Nh5 1-0

[Event "AUT98_M-ch"]
[Site "Werfen"]
[Date "1998.08.08"]
[Round "1.14"]
[White "Neihs, Harald"]
[Black "Kummer, Helmut"]
[Result "1/2-1/2"]
[WhiteElo "2180"]
[BlackElo "2315"]
[PlyCount "57"]
[EventDate "1998.08.15"]

1. d4 d5 2. Bg5 Nf6 3. Bxf6 gxf6 4. g3 e6 5. c3 c5 6. e3 Nc6 7. Bg2 f5 8. Nf3
Be7 9. Nbd2 Bd7 10. Nb3 c4 11. Nc1 b5 12. a3 a5 13. Ne2 Qb8 14. O-O O-O 15. Qc2
Qd6 16. Rfb1 Rfb8 17. Qd1 b4 18. axb4 axb4 19. Rxa8 Rxa8 20. b3 cxb3 21. Rxb3
bxc3 22. Rxc3 Ra2 23. Rc2 Ra8 24. Nf4 Nb4 25. Rb2 Ba4 26. Qb1 Bb5 27. Bf1 Bc4
28. Nd3 Nxd3 29. Bxd3 1/2-1/2

[Event "AUT98_M-ch"]
[Site "Werfen"]
[Date "1998.08.08"]
[Round "1.15"]
[White "Duer, Werner"]
[Black "Waldmann, Gerald"]
[Result "1-0"]
[WhiteElo "2310"]
[BlackElo "2175"]
[PlyCount "83"]
[EventDate "1998.08.15"]

1. d4 d5 2. Nf3 Nf6 3. c4 e6 4. Nc3 c6 5. cxd5 exd5 6. Bg5 Be7 7. Qc2 Be6 8. e3
Nbd7 9. Bd3 h6 10. Bh4 O-O 11. O-O Nh5 12. Bxe7 Qxe7 13. Ne5 Nxe5 14. dxe5 f5
15. Be2 g6 16. Bxh5 gxh5 17. Ne2 Qg7 18. Qc3 Rae8 19. b4 a6 20. f4 Kh7 21. Nd4
Rg8 22. Rf2 Qf7 23. Qc5 Rg7 24. a4 Qe7 25. Rc1 Reg8 26. Qxe7 Rxe7 27. b5 axb5
28. axb5 cxb5 29. Rb2 Ra8 30. Rxb5 Ra6 31. Nxe6 Raxe6 32. Rcb1 Rc6 33. Rxb7
Rxb7 34. Rxb7+ Kg6 35. Rd7 Rc1+ 36. Kf2 Rd1 37. Rd6+ Kg7 38. Rf6 h4 39. Rxf5 d4
40. exd4 Rxd4 41. Ke3 Ra4 42. e6 1-0

[Event "AUT98_M-ch"]
[Site "Werfen"]
[Date "1998.08.08"]
[Round "1.16"]
[White "Hinteregger, Arthur"]
[Black "Titz, Heimo"]
[Result "0-1"]
[WhiteElo "2160"]
[BlackElo "2310"]
[PlyCount "54"]
[EventDate "1998.08.15"]

1. e4 c5 2. Nc3 Nc6 3. g3 g6 4. Bg2 Bg7 5. d3 d6 6. Be3 Rb8 7. Qd2 b5 8. a3 a5
9. f4 b4 10. axb4 axb4 11. Nd1 Bd7 12. Nf3 Nf6 13. h3 O-O 14. O-O Qb6 15. Qf2
Ra8 16. Rb1 Ra2 17. g4 Rfa8 18. f5 Ra1 19. Rxa1 Rxa1 20. fxg6 hxg6 21. Qh4 Nd4
22. Bxd4 cxd4 23. Nd2 e6 24. Qf2 Bh6 25. Qe2 Qc5 26. Nf3 Rc1 27. Rf2 Be3 0-1

[Event "AUT98_M-ch"]
[Site "Werfen"]
[Date "1998.08.08"]
[Round "1.17"]
[White "Neubauer, Martin "]
[Black "Obermayr, Hermann"]
[Result "1-0"]
[WhiteElo "2305"]
[BlackElo "2160"]
[PlyCount "155"]
[EventDate "1998.08.15"]

1. e4 e6 2. d4 d5 3. Nc3 Bb4 4. exd5 exd5 5. Bd3 Nc6 6. a3 Ba5 7. Be3 Bb6 8.
Nf3 Bg4 9. Be2 Nge7 10. h3 Bh5 11. Na4 Bxf3 12. Bxf3 Nf5 13. Nxb6 Nxe3 14. fxe3
axb6 15. O-O O-O 16. c3 Qg5 17. Qd3 Ne7 18. e4 Ng6 19. Bg4 Rae8 20. exd5 Nf4
21. Qf5 Qxf5 22. Bxf5 Nxd5 23. Rfe1 c6 24. Kf2 g6 25. Be4 Nf4 26. Kf3 Ne6 27.
h4 h6 28. Rad1 Kg7 29. Bc2 b5 30. Re2 Nc7 31. Rxe8 Rxe8 32. Bb3 Rd8 33. Kf4 Kf6
34. Ke4 Nd5 35. Rf1+ Ke7 36. g4 f5+ 37. gxf5 Nf6+ 38. Kf4 gxf5 39. Re1+ Kd7 40.
Kxf5 Rf8 41. Kg6 Ne8 42. Bf7 Nd6 43. Be6+ Kc7 44. Re2 Rf4 45. h5 Ne4 46. Bb3
Ng3 47. Re7+ Kb6 48. Rf7 Rh4 49. Bd1 Rh1 50. Bf3 Rb1 51. Kxh6 Rxb2 52. Kg7
Nxh5+ 53. Bxh5 Rb3 54. Rf3 Rxa3 55. Kf6 b4 56. c4 Kc7 57. Ke6 Ra1 58. Rf7+ Kb6
59. Kd6 Rh1 60. Bf3 Rh4 61. c5+ Ka7 62. d5 cxd5 63. Bxd5 Rh6+ 64. Ke5 Ka6 65.
Bxb7+ Kb5 66. Kd4 Rh2 67. Be4 Rd2+ 68. Bd3+ Kc6 69. Rf6+ Kc7 70. Rb6 Rh2 71.
Rxb4 Rh4+ 72. Be4 Kc8 73. Ra4 Rh5 74. Ra8+ Kc7 75. Ra7+ Kc8 76. Rg7 Rh2 77. c6
Rd2+ 78. Kc5 1-0

[Event "AUT98_M-ch"]
[Site "Werfen"]
[Date "1998.08.08"]
[Round "1.18"]
[White "Senoner, Erich Jun"]
[Black "Rolletschek, Heinrich "]
[Result "1/2-1/2"]
[WhiteElo "2160"]
[BlackElo "2300"]
[PlyCount "47"]
[EventDate "1998.08.15"]

1. d4 f5 2. Bg5 g6 3. c4 Bg7 4. Nc3 Nf6 5. Bxf6 Bxf6 6. e4 d6 7. Nf3 O-O 8. Be2
Nc6 9. O-O e5 10. dxe5 Nxe5 11. exf5 Bxf5 12. Nd4 Bd7 13. f4 Nc6 14. Nxc6 Bxc6
15. Bf3 Bxc3 16. Bd5+ Bxd5 17. Qxd5+ Kg7 18. bxc3 b6 19. Rae1 Qd7 20. f5 Rae8
21. Qd4+ Kg8 22. Qd5+ Kg7 23. Qd4+ Kg8 24. Qd5+ 1/2-1/2

[Event "AUT98_M-ch"]
[Site "Werfen"]
[Date "1998.08.08"]
[Round "1.20"]
[White "Genser, Harald"]
[Black "Postl, Anton"]
[Result "1/2-1/2"]
[WhiteElo "2155"]
[BlackElo "2295"]
[PlyCount "88"]
[EventDate "1998.08.15"]

1. e4 c5 2. Nf3 d6 3. d4 cxd4 4. Nxd4 Nf6 5. Nc3 a6 6. Bc4 e6 7. a3 b5 8. Ba2
Bb7 9. Qe2 Nc6 10. Nxc6 Bxc6 11. O-O Be7 12. f4 Qb6+ 13. Kh1 Qb7 14. e5 dxe5
15. fxe5 Ne4 16. Nxe4 Bxe4 17. c3 O-O 18. Bb1 Bxb1 19. Rxb1 Rad8 20. Bf4 Rd5
21. Qg4 Rfd8 22. Rbe1 Qc7 23. Qf3 Rd3 24. Re3 Rd2 25. Re2 Rd1 26. Ree1 Rxe1 27.
Rxe1 Qc4 28. Rf1 Qd5 29. Qf2 Rd7 30. Be3 Bf8 31. Bd4 g6 32. Kg1 Bg7 33. Qe3 h5
34. h3 Qc4 35. Qe4 Rd5 36. Re1 Bf8 37. Qe2 Qxe2 38. Rxe2 Bc5 39. Re4 Kf8 40.
Kf2 Ke7 41. Ke3 Bxd4+ 42. cxd4 Rd7 43. Kd3 Rc7 44. Re1 Kd7 1/2-1/2

[Event "AUT98_M-ch"]
[Site "Werfen"]
[Date "1998.08.08"]
[Round "1.21"]
[White "Posch, Werner"]
[Black "Hardt, Christian"]
[Result "1-0"]
[WhiteElo "2295"]
[BlackElo "2135"]
[PlyCount "57"]
[EventDate "1998.08.15"]

1. e4 e6 2. d3 d5 3. Nd2 Bd6 4. Ngf3 Nc6 5. g3 f5 6. Bg2 Nf6 7. O-O O-O 8. Qe2
Ng4 9. h3 Nh6 10. e5 Be7 11. Nb3 b6 12. Bxh6 gxh6 13. c4 Bb7 14. Nfd4 Nxd4 15.
Nxd4 Qd7 16. Rad1 f4 17. Qg4+ Kh8 18. Qxe6 Qxe6 19. Nxe6 f3 20. Bh1 c5 21. Nxf8
Rxf8 22. d4 Ba6 23. cxd5 Be2 24. d6 Bd8 25. e6 Bf6 26. e7 Rg8 27. dxc5 bxc5 28.
Rfe1 Kg7 29. Rd5 1-0

[Event "AUT98_M-ch"]
[Site "Werfen"]
[Date "1998.08.08"]
[Round "1.24"]
[White "Zoister, Stefan"]
[Black "Roth, Peter"]
[Result "0-1"]
[WhiteElo "2105"]
[BlackElo "2275"]
[PlyCount "114"]
[EventDate "1998.08.15"]

1. e4 e6 2. d4 d5 3. Nd2 Nc6 4. Ngf3 f5 5. e5 Nh6 6. Nb3 Nf7 7. h4 Be7 8. Bf4
a5 9. a4 b6 10. Bb5 Bd7 11. Be2 Nb8 12. Be3 Na6 13. Qd2 Bb4 14. c3 Be7 15. Nc1
c5 16. Nd3 cxd4 17. Nxd4 Nc5 18. Nxc5 bxc5 19. Nxf5 exf5 20. Qxd5 Qc8 21. Bc4
Nd8 22. O-O Be6 23. Bb5+ Kf7 24. Qd3 Rf8 25. Bg5 Ra7 26. Rad1 h6 27. Bxe7 Rxe7
28. h5 Kg8 29. Qd6 Qc7 30. Qxc7 Rxc7 31. Rd6 Bc8 32. f4 Nf7 33. Rd2 Rd8 34.
Rfd1 Rxd2 35. Rxd2 Kf8 36. Kf2 Ke7 37. Bc4 Be6 38. Bb5 Nd8 39. Ke3 Bf7 40. Bd3
Bxh5 41. Bxf5 Be8 42. Bc2 Rb7 43. Bd1 Rd7 44. Rxd7+ Bxd7 45. g4 Ne6 46. f5 Nc7
47. Kd3 Nd5 48. c4 Nb4+ 49. Ke3 Bc6 50. Bf3 Bxf3 51. Kxf3 Nd3 52. Ke4 Nxb2 53.
Kd5 Nxa4 54. Kc6 Nb2 55. Kxc5 a4 56. Kb4 a3 57. Kxa3 Nxc4+ 0-1

[Event "AUT98_M-ch"]
[Site "Werfen"]
[Date "1998.08.08"]
[Round "1.25"]
[White "Sulyok, Michael"]
[Black "Wersching, Alfred"]
[Result "1/2-1/2"]
[WhiteElo "2270"]
[BlackElo "2100"]
[PlyCount "125"]
[EventDate "1998.08.15"]

1. c4 f5 2. g3 Nf6 3. Bg2 g6 4. Nf3 d6 5. d4 Bg7 6. O-O O-O 7. d5 c5 8. Nc3 Na6
9. a3 Bd7 10. Rb1 Rb8 11. b4 cxb4 12. axb4 Ng4 13. Qd3 b6 14. Bd2 Qc8 15. h3
Ne5 16. Nxe5 dxe5 17. e4 f4 18. Kh2 g5 19. g4 h5 20. f3 hxg4 21. fxg4 Rf6 22.
Bf3 Rh6 23. Kg2 Rb7 24. Ne2 Rc7 25. Rfc1 Nb8 26. Be1 Be8 27. Bf2 Nd7 28. Rc2 a5
29. bxa5 bxa5 30. Qa3 Nc5 31. Qxa5 Ra6 32. Qd2 Ra3 33. Rcb2 Na6 34. c5 Nxc5 35.
Rb8 Qd7 36. Rc1 Na6 37. Rxc7 Nxc7 38. Qc1 Ra8 39. Rb7 Rc8 40. Bb6 Nb5 41. Rxd7
Rxc1 42. Rd8 Rc2 43. Rxe8+ Kf7 44. Rb8 Nd6 45. Kf2 e6 46. dxe6+ Kxe6 47. Ba5
Ra2 48. Bb4 Nc4 49. Re8+ Kf7 50. Re7+ Kg6 51. Rc7 Ne3 52. Rc1 Bf6 53. Bc5 Nc2
54. Nc3 Ra5 55. Bb6 Ra6 56. Rxc2 Rxb6 57. Nd5 Rd6 58. Be2 Bd8 59. Bb5 Kf7 60.
Rc6 Rxc6 61. Bxc6 Ke6 62. Ke2 Kd6 63. Kd3 1/2-1/2

[Event "AUT98_M-ch"]
[Site "Werfen"]
[Date "1998.08.09"]
[Round "2.1"]
[White "Titz, Heimo"]
[Black "Stanec, Nikolaus"]
[Result "0-1"]
[WhiteElo "2310"]
[BlackElo "2495"]
[PlyCount "48"]
[EventDate "1998.08.15"]

1. c4 g6 2. e4 e5 3. Nf3 Bg7 4. d4 exd4 5. Nxd4 Nf6 6. Nc3 O-O 7. f3 Re8 8. Be3
c6 9. Qb3 d5 10. cxd5 cxd5 11. O-O-O Nc6 12. Nxc6 bxc6 13. Bd4 Qc7 14. Bd3 Rb8
15. Qa3 Be6 16. Kb1 c5 17. Bxc5 dxe4 18. Bd6 Qb6 19. Bxb8 Rxb8 20. Na4 Qa5 21.
Be2 Nd5 22. fxe4 Nc3+ 23. Nxc3 Qxa3 24. Rd8+ Rxd8 0-1

[Event "AUT98_M-ch"]
[Site "Werfen"]
[Date "1998.08.09"]
[Round "2.2"]
[White "Neubauer, Martin "]
[Black "Schroll, Gerhard"]
[Result "1/2-1/2"]
[WhiteElo "2305"]
[BlackElo "2400"]
[PlyCount "65"]
[EventDate "1998.08.15"]

1. e4 Nf6 2. e5 Nd5 3. d4 d6 4. exd6 cxd6 5. c4 Nb6 6. Nc3 g6 7. Be3 Bg7 8. Rc1
O-O 9. b3 e5 10. dxe5 dxe5 11. Qxd8 Rxd8 12. c5 N6d7 13. Nf3 Nc6 14. Bc4 Na5
15. Be2 b6 16. cxb6 Nxb6 17. O-O Bb7 18. Rfd1 e4 19. Ng5 Bxc3 20. Rxc3 h6 21.
Nh3 Rxd1+ 22. Bxd1 Nd5 23. Rc5 Nxe3 24. fxe3 Nc6 25. b4 Rd8 26. Bb3 Rd6 27. Nf2
Nxb4 28. Bxf7+ Kxf7 29. Rc7+ Ke6 30. Rxb7 Nxa2 31. Nxe4 Rd1+ 32. Kf2 a5 33. Ra7
1/2-1/2

[Event "AUT98_M-ch"]
[Site "Werfen"]
[Date "1998.08.09"]
[Round "2.3"]
[White "Freitag, Manfred"]
[Black "Schneider-Zinner, Harald"]
[Result "0-1"]
[WhiteElo "2400"]
[BlackElo "2300"]
[PlyCount "73"]
[EventDate "1998.08.15"]

1. d4 e6 2. c4 Nf6 3. Nf3 Bb4+ 4. Bd2 Qe7 5. g3 Nc6 6. Bg2 Bxd2+ 7. Nbxd2 d6 8.
O-O a5 9. e4 e5 10. d5 Nb8 11. Ne1 h5 12. Nef3 Nbd7 13. Nh4 Nc5 14. Qe2 Bg4 15.
Qe3 O-O 16. Rae1 c6 17. dxc6 bxc6 18. h3 Bd7 19. Nf5 Bxf5 20. exf5 Qd7 21. Qg5
Rfb8 22. b3 a4 23. Re3 axb3 24. Nxb3 Nxb3 25. axb3 Ra3 26. Rb1 d5 27. cxd5 cxd5
28. g4 d4 29. Rxe5 hxg4 30. hxg4 Raxb3 31. Rd1 d3 32. Bf3 R3b4 33. Ra5 Rd4 34.
Rd2 Qc7 35. Ra6 Nxg4 36. Bxg4 Qc4 37. Ra8 0-1

[Event "AUT98_M-ch"]
[Site "Werfen"]
[Date "1998.08.09"]
[Round "2.4"]
[White "Posch, Werner"]
[Black "Wach, Markus"]
[Result "0-1"]
[WhiteElo "2295"]
[BlackElo "2395"]
[PlyCount "40"]
[EventDate "1998.08.15"]

1. Nf3 d5 2. d4 Nf6 3. Bf4 g6 4. h3 Bg7 5. e3 O-O 6. Bd3 c5 7. c3 Nc6 8. O-O
Nd7 9. Nbd2 e5 10. dxe5 Ndxe5 11. Bc2 Re8 12. Nxe5 Nxe5 13. Nf3 Nc4 14. Qc1 Qb6
15. Rb1 Qc6 16. b3 Nd6 17. Rd1 Nb5 18. e4 dxe4 19. Ng5 Nxc3 20. Qe3 Bd4 0-1

[Event "AUT98_M-ch"]
[Site "Werfen"]
[Date "1998.08.09"]
[Round "2.5"]
[White "Kwatschewsky, Leo "]
[Black "Baumegger, Siegfried"]
[Result "1/2-1/2"]
[WhiteElo "2275"]
[BlackElo "2360"]
[PlyCount "66"]
[EventDate "1998.08.15"]

1. c4 e5 2. Nc3 d6 3. g3 Nc6 4. Bg2 g6 5. Rb1 a5 6. a3 Bg7 7. b4 axb4 8. axb4
Nf6 9. d3 O-O 10. Nf3 Re8 11. e4 Bg4 12. h3 Bxf3 13. Bxf3 Nd4 14. Bg2 Nd7 15.
O-O Nf8 16. Ne2 Nfe6 17. Nxd4 Nxd4 18. Bb2 Qe7 19. Bxd4 exd4 20. Ra1 Reb8 21.
Qb3 Qe8 22. Ra5 b6 23. Raa1 Rxa1 24. Rxa1 Ra8 25. Qd1 Rxa1 26. Qxa1 h5 27. h4
Qe7 28. Qa8+ Kh7 29. Qd5 Qe6 30. Qxe6 fxe6 31. f4 e5 32. f5 Kh6 33. Kf2 g5
1/2-1/2

[Event "AUT98_M-ch"]
[Site "Werfen"]
[Date "1998.08.09"]
[Round "2.7"]
[White "Roth, Peter"]
[Black "Brandner, Stefan"]
[Result "1/2-1/2"]
[WhiteElo "2275"]
[BlackElo "2340"]
[PlyCount "27"]
[EventDate "1998.08.15"]

1. e4 d6 2. d4 Nf6 3. Nc3 e5 4. Nf3 Nbd7 5. Bc4 Be7 6. Qe2 O-O 7. O-O c6 8. a4
exd4 9. Nxd4 Nc5 10. Rd1 Qc7 11. Ba2 a5 12. f3 Re8 13. Be3 h6 14. Qf2 { }
1/2-1/2

[Event "AUT98_M-ch"]
[Site "Werfen"]
[Date "1998.08.09"]
[Round "2.8"]
[White "Rogetzer, Klaus"]
[Black "Duer, Werner"]
[Result "1/2-1/2"]
[WhiteElo "2210"]
[BlackElo "2310"]
[PlyCount "24"]
[EventDate "1998.08.15"]

1. d4 d5 2. c4 c6 3. Nf3 Nf6 4. Nc3 a6 5. a4 e6 6. e3 c5 7. Be2 Nc6 8. O-O cxd4
9. exd4 Be7 10. Bg5 O-O 11. Rc1 Re8 12. Re1 12... dxc4 { } 1/2-1/2

[Event "AUT98_M-ch"]
[Site "Werfen"]
[Date "1998.08.09"]
[Round "2.9"]
[White "Hoelzl, Franz"]
[Black "Pilaj, Herwig"]
[Result "1-0"]
[WhiteElo "2410"]
[BlackElo "2215"]
[PlyCount "73"]
[EventDate "1998.08.15"]

1. g3 e5 2. c4 Nc6 3. Bg2 g6 4. Nc3 Bg7 5. Rb1 d6 6. b4 Nf6 7. b5 Nd4 8. e3 Ne6
9. Nge2 O-O 10. O-O a6 11. a4 axb5 12. axb5 h5 13. d4 h4 14. Nd5 Nxd5 15. cxd5
Ng5 16. dxe5 Bf5 17. Rb4 h3 18. Bh1 dxe5 19. e4 Bg4 20. f3 Bd7 21. Qb3 f5 22.
exf5 Nf7 23. fxg6 Nd6 24. b6 cxb6 25. Rxb6 Bf5 26. Qb4 Ra6 27. Rxa6 bxa6 28.
Be3 Bd3 29. Re1 Nc4 30. Bc5 Qxd5 31. Nc3 Qd7 32. Rd1 Rd8 33. f4 e4 34. Nxe4
Bd4+ 35. Bxd4 Qxd4+ 36. Nf2 a5 37. Qe7 1-0